00313nam a2200133Ia 4500003000400000005001700004008004100021020001900062040002000081100001600101100000900117245002900126260002400155OSt20240201103443.0170524s9999 xx 000 0 und d a978-9352025718 cIIMT UNIVERSITY aPuri Mishra c2011 0aECONOMICS fOR MANAGEMENT aHimalaya Pub. House